| 000 | 01436cam a22004217a 4500 | ||
|---|---|---|---|
| 003 | CHAP | ||
| 005 | 20220817043603.0 | ||
| 008 | 000107d1994 it rn 00110 fre d | ||
| 010 | _a79146 | ||
| 011 | _a80118 | ||
| 020 | _a9252034188 | ||
| 035 | _a90560 | ||
| 040 | _cCHAP | ||
| 082 |
_a628.1 _bF33f v.8 |
||
| 110 | 2 | _aFAO | |
| 245 | 1 | 0 |
_aOuvrages de régulation et de distribution de l'eau _c/par B.E. van den Bosch, W.B. Snellen et C. Brouwer |
| 260 |
_aRome : _bFAO, _c1994. |
||
| 300 |
_a71 p. : _bilus. |
||
| 490 | 0 |
_aFAO. Manejo del agua de riego. Manual de campo _v; 8 |
|
| 590 |
_aBATCH-UPD _b10 _c20130110 _lUCH01 _h0449 |
||
| 590 |
_aBATCH-UPD _b10 _c20130110 _lUCH01 _h2311 |
||
| 590 |
_aBATCH-UPD _b10 _c20130410 _lUCH01 _h0126 |
||
| 590 |
_aBATCH-UPD _b10 _c20130410 _lUCH01 _h1602 |
||
| 590 |
_aBATCH-UPD _b10 _c20130914 _lUCH01 _h0752 |
||
| 590 |
_aCONVERSION _b10 _c20130109 _lUCH01 _h1344 |
||
| 650 | 1 | 4 |
_aAgua para irrigacion. _92430 |
| 650 | 1 | 4 |
_aAgua _xAbastecimiento _xIngenieria. _92245 |
| 650 | 1 | 4 |
_aAgua _xDistribucion. _92366 |
| 650 | 1 | 4 |
_aIngeniería hidráulica. _958235 |
| 700 | 0 |
_aBosch, B. E. van den. _913969 |
|
| 700 | 0 |
_aBrouwer, C. _915600 |
|
| 700 | 0 |
_aSnellen, W. Bart. _9107230 |
|
| 830 | 0 |
_aFAO. Manejo del agua de riego. Manual de campo _v; 8 _939616 |
|
| 901 | _aBK | ||
| 905 | _aLilia Sánchez G. | ||
| 942 | _cLIBRO | ||
| 949 |
_a628.1 F33f v.8 _bBC _cFAO _d33724000739322 _eFAO1 _h96552 _i90560 _sb |
||
| 999 |
_c79146 _d79146 |
||